Responses for Show #477 - Tuesday, October 7, 1986

Contestants

[<< previous game]

Dennis Owens, an attorney from Kansas City, Missouri

Gale Mackey, a measurement office supervisor originally from Philadelphia, Pennsylvania

Carl Brady, a U.S. Navy flight officer originally from Pittsburgh, Pennsylvania (whose 3-day cash winnings total $22,100)

[next game >>]

Jeopardy! Round responses

U.S. HISTORY
ROAD SONGS
GEESE
MOVIE TRIVIA
FOREIGN WORDS
DADDIES
    $100 7
100

Dennis
    $100 24
country roads

Carl
    $100 21
Christmas

Carl
    $100 12
Francis the Talking Mule

Gale
    $100 1
banzai

Carl
    $100 5
a Sugar Daddy

Carl
    $200 8
Charles Lindbergh

Gale
    $200 27
Hit the road Jack

Dennis
    $200 22
a V formation

Carl
    $200 13
The Ten Commandments

Carl
    $200 2
garbanzo beans

Carl
    $200 9
Daddy Warbucks

Carl
    $300 11
Cuba

Gale
    $300 28
it

Triple Stumper
    $300 23
(Alex: We've got about a minute to go in the round.)

a goose step

Gale
    $300 15
Saturday Night Fever

Gale
    $300 3
(Gale: What is, um... cooking-esque?)

cuisine

CarlGale
    $500 10
(Alex: Carl?)
(Carl: A little bit before my time, I don't know.)
[The music was not reprised going into the break.]

"My Heart Belongs To Daddy"

Carl
    $400 14
Brigham Young

Gale
    $400 29
(Carl: What is the high road?)

the low road

CarlGale
    $400 25
(Dennis: GREECE for $500.)
(Alex: It's GEESE.)

Rome

Dennis
    $400 16
On the Beach

Dennis
    $400 4
Seder

Gale
    $400 19
Aristotle Onassis

Gale
    $500 18
the Great Johnstown Flood

Carl
    $500 30
(Alex: "That's the Way the Money Goes"--[*].)

"Pop Goes The Weasel"

Triple Stumper
    $500 26
The Wild Geese

Carl
    $500 17
(Gale: What is a television set?)

a Speak & Spell

Gale
Triple Stumper
    $500 6
(Gale: What is peace?)

great soul

Gale
Triple Stumper
    $500 20
Baby Bunting

Gale

Scores at the first commercial break (after clue 11):

Carl Gale Dennis
$400 $100 $100

Scores at the end of the Jeopardy! Round:

Carl Gale Dennis
$1,600 $2,000 $1,100

Double Jeopardy! Round responses

PLANTS
LITERATURE
THE SUPER BOWL
CENTRAL AMERICA
LAW
MUMMIES
    $200 14
water

Dennis
    $200 7
male

Carl
    $200 8
(Gale: What's the NFC?)

the AFC

CarlGale
    $200 13
the Contras

Carl
    $200 1
nolo contendere

Gale
    $200 2
[ERRATUM: Pharaoh is the correct spelling.]

King Tut

Dennis
    $1,100 19
(Dennis: Who is Elizabeth and... oh... can't remember her husband's name.)

Elizabeth Barrett Browning & Robert Browning

Dennis
    $400 9
(Alex: Green Bay vs. Kansas City, 1967)

Super Bowl I

Dennis
    $400 15
7

Dennis
    $400 3
it is no excuse

Dennis
    $600 20
(Carl: What is David Copperfield?)
(Dennis: What's Oliver Twist?)

The Old Curiosity Shop

CarlDennis
Triple Stumper
    $600 10
(Dennis: What is Miami, Florida?)

New Orleans

Dennis
Triple Stumper
    $3,000 16
(Dennis: What is [*]?)
(Alex: Correct.)
(Dennis: And El Salvador.)

Guatemala & Belize

Dennis
    $600 4
Prohibition

Dennis
    $800 26
[The end-of-round signal sounds.]

photosynthesis

Carl
    $800 21
(Dennis: Who is the Judge?)
...
(Alex: We've got less than a minute to go.)

the Obscure

Dennis
Triple Stumper
    $800 11
(Dennis: Who is Fran Tarkenton?)

(1 of) Joe Montana, Terry Bradshaw or Bart Starr

Dennis
Triple Stumper
    $800 17
(Gale: What is Santiago, Chile?)
(Dennis: What is San Juan, Costa Rica?)

(1 of) San Jose, Costa Rica or San Salvador, El Salvador

GaleDennis
Triple Stumper
    $800 5
(Alex: Not fast enough, Dennis.)

pettifogger

Triple Stumper
    $800 25
(Gale: What is the brain?)

the heart

GaleDennis
    $1000 23
their odor

Triple Stumper
    $1000 22
Gargantua

Dennis
    $1000 12
(Alex: The man from Kansas City gets the right response.)

Lamar Hunt

Dennis
    $1000 18
(Gale: What is Mexico?)

Guatemala

GaleDennis
    $1000 6
(Dennis: I need five more categories named LAW, I think.)
[Laughter]

F. Lee Bailey

Dennis
    $1000 24
[ERRATUM: Pharaohs is misspelled.]

the Book of the Dead

Dennis

Scores at the end of the Double Jeopardy! Round:

Carl Gale Dennis
$2,400 -$600 $1,400

[wagering suggestions for these scores]

Final Jeopardy! Round responses

FAMOUS NAMES
DennisWho is Lord Mountbatten?
$800
CarlWho was Lord Mountbatten
$400
Lord Mountbatten

Final scores:

Carl Gale Dennis
$2,800 -$600 $2,200
4-day champion: $24,900 3rd place: Casio CW-30 typewriter 2nd place: trip on Western to Las Vegas & stay at Las Vegas Hilton

Game dynamics:

Coryat scores:

Carl Gale Dennis
$2,900 -$600 $5,500
15 R,
3 W
(including 1 DD)
11 R,
7 W
16 R,
7 W
(including 2 DDs)

Combined Coryat: $7,800

[game clues] [game scores] [suggest correction]

Game tape date: 1986-08-19
The J! Archive is created by fans, for fans. Scraping, republication, monetization, and malicious use prohibited; this site may use cookies and collect identifying information. See terms. The Jeopardy! game show and all elements thereof, including but not limited to copyright and trademark thereto, are the property of Jeopardy Productions, Inc. and are protected under law. This website is not affiliated with, sponsored by, or operated by Jeopardy Productions, Inc. Join the discussion at JBoard.tv.